[Event "Indonesia Open 2013"]
[Site "Jakarta INA"]
[Date "2013.10.14"]
[Round "7.22"]
[White "Lorparizangeneh, Shahin"]
[Black "Purnama, Tirta Chandra"]
[Result "1/2-1/2"]
[WhiteTitle "FM"]
[BlackTitle "IM"]
[WhiteElo "2249"]
[BlackElo "2382"]
[WhiteFideId "12521604"]
[BlackFideId "7101422"]
[EventDate "2013.10.10"]

1. d4 Nf6 2. c4 g6 3. Nc3 Bg7 4. e4 d6 5. f3 O-O 6. Be3 c5 7. Nge2 Nc6 8. d5 Ne5
9. Ng3 e6 10. Be2 exd5 11. cxd5 a6 12. a4 h5 13. O-O Nh7 14. Qd2 h4 15. Nh1 f5
16. Nf2 Bd7 17. Kh1 Qe7 18. exf5 gxf5 19. Nh3 Ng6 20. Nf4 Nxf4 21. Bxf4 Rae8 22.
Rae1 Qf6 23. Bc4 Qd4 24. Qxd4 cxd4 25. Ne2 Be5 26. Bxe5 dxe5 27. f4 b5 28. axb5
axb5 29. Bb3 d3 30. fxe5 dxe2 31. Rxe2 Ng5 32. e6 Bc8 33. Re5 Kg7 34. Kg1 Ne4
35. Rexf5 Rxf5 36. Rxf5 Rf8 37. Rf3 Rxf3 38. gxf3 Nc5 39. Bc2 Kf6 40. b4 Na6 41.
Bd3 Nxb4 42. Bxb5 Nxd5 43. Bd7 Ba6 44. Kf2 Nf4 45. Ke3 Nxe6 46. Bxe6 Kxe6 47.
Kf4 h3 48. Kg3 Bf1 49. f4 Kf5 50. Kf2 Bg2 51. Kg3 Ke4 52. f5 Kxf5 53. Kf2 Bd5
54. Kg3 Bg2 55. Kf2 Ke4 56. Kg1 Kf4 57. Kf2 Bd5 58. Kg1 Kf3 59. Kf1 Ke3 60. Kg1
Be6 61. Kh1 Bd7 62. Kg1 Kd2 63. Kh1 Bc6+ 64. Kg1 Ke3 65. Kf1 Bf3 66. Kg1 Be2 67.
Kh1 Bg4 68. Kg1 Ke2 69. Kh1 Ke1 70. Kg1 Be2 71. Kh1 Bf1 72. Kg1 Ba6 73. Kh1 Bb7+
74. Kg1 Kd2 75. Kf2 Kd3 76. Kg1 Ke3 77. Kf1 Kf4 78. Kg1 Kf3 79. Kf1 Ke3 80. Kg1
Be4 81. Kf1 Kf3 82. Kg1 Bd3 83. Kh1 Ke2 84. Kg1 Ke1 85. Kh1 Bf1 86. Kg1 Ke2 87.
Kh1 Kf3 88. Kg1 Bc4 89. Kh1 1/2-1/2

[Event "Indonesia Open 2013"]
[Site "Jakarta INA"]
[Date "2013.10.14"]
[Round "7.23"]
[White "Paragua, Mark"]
[Black "Pradeep, Kumar R.A."]
[Result "1/2-1/2"]
[WhiteTitle "GM"]
[WhiteElo "2571"]
[BlackElo "2331"]
[WhiteFideId "5201241"]
[BlackFideId "5023181"]
[EventDate "2013.10.10"]

1. d4 Nf6 2. c4 g6 3. Nc3 Bg7 4. e4 d6 5. Be2 O-O 6. Nf3 e5 7. dxe5 dxe5 8. Qxd8
Rxd8 9. Bg5 Re8 10. Nd5 Nxd5 11. cxd5 c6 12. Bc4 cxd5 13. Bxd5 Nc6 14. Rc1 Nb4
15. O-O Nxd5 16. exd5 f6 17. Be3 Rd8 18. Rfd1 e4 19. Nd4 Rxd5 20. Nb5 Rxd1+ 21.
Rxd1 Bg4 22. Rc1 Rc8 23. Rxc8+ Bxc8 24. Nd6 Be6 25. Bxa7 Bxa2 26. Nxe4 f5 27.
Nc3 Bc4 28. Bb6 Kf7 29. f4 Bh6 30. g3 g5 31. fxg5 Bxg5 32. Kf2 Bc1 33. Nd1 f4
34. Ke1 Bb3 35. Bd4 Ke6 36. Nf2 Kd5 37. Bg7 fxg3 38. hxg3 Bc2 39. Nh3 Ke4 40.
Nf4 Be3 41. Ng2 Bc5 42. Kd2 Ba4 43. Nf4 Kf3 44. Be5 Ke4 45. Bc7 Bb4+ 46. Ke2
Bb5+ 47. Kd1 Kf3 48. b3 Kg4 49. Nd5 Bc5 50. Kd2 Bc6 51. Ne3+ Kf3 52. Nc4 Bd5 53.
Ne5+ Ke4 54. Nd3 Be3+ 55. Ke2 Ba7 56. Nf2+ Kd4 57. b4 Kc3 58. Bd6 Bd4 59. Nd1+
Kb3 60. Kd3 Bg7 61. Ne3 Be6 62. g4 b5 63. Nf5 Bf6 64. Nd4+ Bxd4 65. Kxd4 Bxg4
66. Ke3 1/2-1/2

[Event "Indonesia Open 2013"]
[Site "Jakarta INA"]
[Date "2013.10.14"]
[Round "7.24"]
[White "Yap, Kim Steven"]
[Black "Tirto"]
[Result "1-0"]
[WhiteTitle "IM"]
[BlackTitle "IM"]
[WhiteElo "2417"]
[BlackElo "2328"]
[WhiteFideId "5202809"]
[BlackFideId "7101058"]
[EventDate "2013.10.10"]

1. e4 c5 2. b3 Nc6 3. Bb2 e5 4. f4 exf4 5. Nf3 d6 6. Bb5 Bd7 7. O-O Nf6 8. d3
Be7 9. Nc3 O-O 10. Qd2 a6 11. Bxc6 Bxc6 12. Qxf4 d5 13. exd5 Nxd5 14. Nxd5 Qxd5
15. Qg4 f6 16. Nh4 Qg5 17. Qxg5 fxg5 18. Nf5 Rf7 19. Rf2 Bf8 20. Raf1 Rd7 21.
Ne3 b5 22. Rf5 h6 23. Ba3 b4 24. Bb2 Re8 25. Nc4 Bb7 26. h3 Rdd8 27. Ne5 Rd6 28.
R1f2 Bc8 29. Rf7 Be6 30. Ra7 Bc8 31. Rff7 Rde6 32. Rfc7 R6e7 33. Rxe7 Rxe7 34.
Ra8 Rc7 35. g4 Be7 36. Nc4 Kf7 37. Be5 Rc6 38. Bg3 Ke6 39. Na5 1-0

[Event "Indonesia Open 2013"]
[Site "Jakarta INA"]
[Date "2013.10.14"]
[Round "7.26"]
[White "Bitoon, Richard"]
[Black "Bersamina, Paulo"]
[Result "1-0"]
[WhiteTitle "GM"]
[BlackTitle "FM"]
[WhiteElo "2407"]
[BlackElo "2310"]
[WhiteFideId "5201110"]
[BlackFideId "5206995"]
[EventDate "2013.10.10"]

1. d4 Nf6 2. Nf3 d6 3. Bf4 Nh5 4. Bg5 h6 5. Bh4 g5 6. Bg3 Bg7 7. c3 c5 8. dxc5
Nxg3 9. hxg3 dxc5 10. Nbd2 Nc6 11. Qc2 Qc7 12. e3 Bd7 13. a4 O-O-O 14. Nc4 f5
15. a5 e5 16. e4 f4 17. Qb3 Be8 18. Be2 Kb8 19. g4 Bf6 20. Nfd2 Bf7 21. Qb5 Be7
22. Qa4 Rh7 23. Nb3 Rdh8 24. O-O-O h5 25. gxh5 Bxh5 26. Bxh5 Rxh5 27. Rxh5 Rxh5
28. a6 b6 29. Nxe5 Nxe5 30. Qe8+ Qc8 31. Qxh5 f3 32. gxf3 Qf8 33. Qh2 Bd6 34.
Qh7 Bc7 35. Qf5 Qg8 36. Qf6 Qc8 37. Rd5 Nc4 38. Rxg5 Qxa6 39. Rg8+ Kb7 40. Qf5
Bf4+ 41. Qxf4 Qa2 42. Qf7+ 1-0

[Event "Indonesia Open 2013"]
[Site "Jakarta INA"]
[Date "2013.10.14"]
[Round "7.27"]
[White "Saduakassova, Dinara"]
[Black "Irwanto, Sadikin"]
[Result "1-0"]
[WhiteTitle "WGM"]
[BlackTitle "IM"]
[WhiteElo "2335"]
[BlackElo "2407"]
[WhiteFideId "13700090"]
[BlackFideId "7100590"]
[EventDate "2013.10.10"]

1. d4 d5 2. c4 c6 3. Nf3 Nf6 4. e3 Bf5 5. Nc3 e6 6. Nh4 Bg4 7. Qb3 Qb6 8. h3 Bh5
9. g4 Bg6 10. Nxg6 hxg6 11. Bg2 Nbd7 12. Bd2 Be7 13. O-O-O O-O-O 14. Kb1 Qxb3
15. axb3 Bb4 16. Nxd5 Nxd5 17. cxd5 Bxd2 18. dxc6 Bb4 19. cxd7+ Rxd7 20. f4 Kb8
21. Be4 Rh4 22. g5 a5 23. Kc2 Rd8 24. Bf3 f6 25. Rdg1 Rdh8 26. gxf6 gxf6 27.
Rxg6 Rxh3 28. Rg8+ Rxg8 29. Rxh3 Rg7 30. Kd3 Kc7 31. Rh8 f5 32. Rh6 Re7 33. e4
fxe4+ 34. Kxe4 Bd6 35. Rf6 Re8 36. Bg4 Rf8 37. Rxf8 Bxf8 38. Bxe6 Kd6 39. Bc4
Bg7 40. b4 axb4 41. b3 b6 42. Bg8 Bh8 43. d5 Bf6 44. Kf5 Bd8 45. Kg6 Bh4 46. Kg7
Ke7 47. f5 Bf6+ 48. Kg6 Be5 49. f6+ Kd6 50. Be6 b5 51. Bg8 Kd7 52. Bf7 Kd6 53.
Be8 Bd4 54. f7 Ke7 55. d6+ Kf8 56. Kf5 Bf2 57. Ke6 Bb6 58. Kd7 Bc5 59. Kc7 Be3
60. d7 1-0

[Event "Indonesia Open 2013"]
[Site "Jakarta INA"]
[Date "2013.10.14"]
[Round "7.28"]
[White "Novita, Anjas"]
[Black "Milliet, Sophie"]
[Result "1/2-1/2"]
[WhiteTitle "FM"]
[BlackTitle "IM"]
[WhiteElo "2328"]
[BlackElo "2399"]
[WhiteFideId "7100949"]
[BlackFideId "623725"]
[EventDate "2013.10.10"]

1. e4 e5 2. Nf3 Nc6 3. Bb5 a6 4. Ba4 Nf6 5. O-O Be7 6. Re1 b5 7. Bb3 O-O 8. d3
d6 9. c3 Na5 10. Bc2 c5 11. Nbd2 Nc6 12. Nf1 h6 13. Ng3 Re8 14. h3 Be6 15. Bb3
c4 16. dxc4 bxc4 17. Ba4 Qc7 18. Nh4 d5 19. Nhf5 dxe4 20. Nxe7+ Rxe7 21. Nxe4
Nxe4 22. Rxe4 f5 23. Re1 e4 24. f3 Ne5 25. fxe4 Nd3 26. Re2 fxe4 27. Rxe4 Bd5
28. Bf4 Qb6+ 29. Be3 Qxb2 30. Rb1 Qxa2 31. Ra1 Qxg2+ 32. Kxg2 Rxe4 33. Qf3 Rf8
34. Qxe4 Bxe4+ 35. Kh2 Rf3 36. Bd4 Bf5 37. Bc6 Rxh3+ 38. Kg1 Nf4 39. Kf2 Nd3+
40. Kg1 Rg3+ 41. Kh2 Rg6 42. Bd5+ Kh7 43. Bxc4 Be4 44. Rg1 Rxg1 45. Kxg1 a5 46.
Bb5 g5 47. Bb6 Ne5 48. Bxa5 Kg6 49. c4 Kf5 50. c5 Bc6 51. Bxc6 Nxc6 52. Bd2 Kg4
53. Kg2 h5 54. Bc1 h4 55. Be3 Kf5 56. Bf2 Kg4 57. Be3 Ne5 58. Bd4 h3+ 59. Kh1
Nc6 60. Be3 Kh4 61. Kh2 g4 62. Bf2+ Kg5 63. Kg3 Kf5 64. Bg1 Ne5 65. Bh2 Ke4 66.
c6 Nxc6 67. Kxg4 1/2-1/2

[Event "Indonesia Open 2013"]
[Site "Jakarta INA"]
[Date "2013.10.14"]
[Round "7.29"]
[White "Situru, Muhammad Ivan"]
[Black "Barus, Cerdas"]
[Result "0-1"]
[WhiteTitle "IM"]
[BlackTitle "GM"]
[WhiteElo "2290"]
[BlackElo "2396"]
[WhiteFideId "7100426"]
[BlackFideId "7100094"]
[EventDate "2013.10.10"]

1. e4 e5 2. d4 exd4 3. Nf3 Nc6 4. Bc4 Nf6 5. e5 Ng4 6. Bf4 d6 7. exd6 Bxd6 8.
Bxd6 Qxd6 9. O-O O-O 10. Nbd2 Nce5 11. h3 Nf6 12. Bb3 c5 13. Nxe5 Qxe5 14. Nf3
Qc7 15. Qd3 a6 16. a4 Bd7 17. a5 h6 18. Rfe1 Rfe8 19. c3 Bb5 20. c4 Bc6 21.
Rxe8+ Rxe8 22. Nd2 Qf4 23. Bc2 Qg5 24. g3 Qh5 25. h4 Qg4 26. Qf1 g5 27. hxg5
hxg5 28. Re1 Rxe1 29. Qxe1 Qh3 0-1

[Event "Indonesia Open 2013"]
[Site "Jakarta INA"]
[Date "2013.10.14"]
[Round "7.30"]
[White "Suyud, Hartoyo"]
[Black "Farid, Firman Syah"]
[Result "0-1"]
[BlackTitle "IM"]
[WhiteElo "2226"]
[BlackElo "2392"]
[WhiteFideId "7102704"]
[BlackFideId "7102526"]
[EventDate "2013.10.10"]

1. d4 Nf6 2. c4 e6 3. Nc3 Bb4 4. Qc2 O-O 5. a3 Bxc3+ 6. Qxc3 d6 7. Bg5 Nbd7 8.
f3 e5 9. e3 Re8 10. Ne2 Qe7 11. d5 h6 12. Bh4 e4 13. Bxf6 Nxf6 14. f4 c6 15. Qd2
cxd5 16. cxd5 b5 17. Nc3 a6 18. Be2 Bb7 19. O-O Rac8 20. Rac1 Rc5 21. b4 Rc7 22.
Bd1 Rec8 23. Bb3 Qd7 24. h3 h5 25. Ne2 Rxc1 26. Nxc1 Qf5 27. Ne2 Bxd5 28. Nd4
Qd7 29. Bxd5 Nxd5 30. Nb3 Ne7 31. f5 Nxf5 32. Nc5 Qe7 33. Rxf5 dxc5 34. Qc3 c4
35. Rxh5 Rd8 36. Rc5 Rd1+ 37. Kf2 Rd3 38. Qc1 Qf6+ 39. Ke2 c3 0-1

[Event "Indonesia Open 2013"]
[Site "Jakarta INA"]
[Date "2013.10.14"]
[Round "7.31"]
[White "Mohamad, Ervan"]
[Black "Fernandez, Daniel Howard"]
[Result "1-0"]
[BlackTitle "IM"]
[WhiteElo "2260"]
[BlackElo "2389"]
[WhiteFideId "7102135"]
[BlackFideId "5801605"]
[EventDate "2013.10.10"]

1. e4 c5 2. Nf3 d6 3. d4 cxd4 4. Nxd4 Nf6 5. Nc3 g6 6. Be3 a6 7. f3 Nbd7 8. Qd2
Qc7 9. g4 h6 10. h4 b5 11. Rg1 b4 12. Nd1 e5 13. Nb3 a5 14. g5 Nh5 15. Bb5 Be7
16. a3 Rb8 17. c4 O-O 18. axb4 d5 19. Nxa5 Rxb5 20. cxb5 d4 21. Bf2 Nf4 22. Nc6
Bd6 23. Nc3 dxc3 24. bxc3 Nb6 25. Ra7 Bb7 26. Rxb7 Qxb7 27. Qxd6 Nc4 28. Ne7+
Kh7 29. Qc6 Qxe7 30. Qxc4 Qd7 31. Be3 Rc8 32. Qb3 Ne6 33. Ke2 Qxb5+ 34. Kf2 Qd3
35. Rd1 Qxc3 36. Qxc3 Rxc3 37. gxh6 Nf4 38. Bxf4 exf4 39. Rd7 Rc2+ 40. Kf1 Kxh6
41. Rxf7 Rb2 42. Rxf4 Rxb4 43. Kg2 Kg7 44. Rg4 Rb5 45. Rg5 Rb2+ 46. Kg3 Kf6 47.
Ra5 Rb1 48. h5 gxh5 49. Rxh5 Kg6 50. Ra5 Rb8 51. Kg4 Kf6 52. f4 Rg8+ 53. Kf3 Rb8
54. Ra6+ Ke7 55. e5 Rb4 56. Kg4 1-0

[Event "Indonesia Open 2013"]
[Site "Jakarta INA"]
[Date "2013.10.14"]
[Round "7.32"]
[White "Margana, Adhy"]
[Black "Pham, Le Thao Nguyen"]
[Result "1-0"]
[BlackTitle "IM"]
[WhiteElo "2203"]
[BlackElo "2389"]
[WhiteFideId "7101376"]
[BlackFideId "12401226"]
[EventDate "2013.10.10"]

1. d4 d5 2. Nf3 c6 3. g3 Nf6 4. Bg2 Bf5 5. O-O e6 6. b3 Be7 7. Bb2 h6 8. Nbd2
O-O 9. c4 Nbd7 10. a3 a5 11. c5 b6 12. b4 bxc5 13. dxc5 Qc7 14. Nd4 Bg6 15. N4b3
axb4 16. axb4 e5 17. e3 Rfb8 18. Bc3 Nf8 19. Qe2 Bh5 20. Qd3 e4 21. Qc2 Ne6 22.
Qb2 Nd7 23. Rxa8 Rxa8 24. Ra1 Rb8 25. Bf1 Bf6 26. Bxf6 Nxf6 27. Qc3 Nd7 28. Ra6
Ne5 29. Nd4 Ng5 30. h4 Ngf3+ 31. N2xf3 Bxf3 32. Qa3 Bg4 33. Ra7 Qd8 34. b5 cxb5
35. c6 b4 36. Qa6 Rc8 37. Qb7 Kh7 38. Ba6 Qa5 39. Be2 Qd8 40. Bxg4 Nxg4 41. Qxf7
Qf8 42. Qxf8 Rxf8 43. Ne6 Rg8 44. Nxg7 Kg6 45. Ne6 Ne5 46. c7 Rc8 47. Rb7 Nd7
48. Nf4+ Kf5 49. Nxd5 Ke6 50. Nxb4 Kd6 51. Nc2 Rxc7 52. Rxc7 Kxc7 53. Nd4 h5 54.
Kg2 Kd6 55. g4 hxg4 56. Kg3 Ne5 57. Nf5+ Ke6 58. Nh6 Nd3 59. Nxg4 Kf5 60. Nh2
Kg6 61. Nf1 Kf5 62. Nd2 Ne5 63. Nb3 Kg6 64. Nd4 Nd3 65. Ne2 Kf5 66. Nf4 Ne5 67.
Nh3 Nd7 68. h5 Nf6 69. Kh4 Ng4 70. Kg3 Nf6 71. h6 Nh7 72. Kh4 Kg6 73. Kg4 Kxh6
74. Kf5 Kg7 75. Kxe4 Kf6 76. f4 Nf8 77. Nf2 Nd7 78. Ng4+ Ke6 79. f5+ Kd6 80. Kf4
Nc5 81. e4 Nd3+ 82. Kg5 Nc5 83. e5+ Ke7 84. Kg6 Nd7 85. Kg7 1-0

[Event "Indonesia Open 2013"]
[Site "Jakarta INA"]
[Date "2013.10.14"]
[Round "7.33"]
[White "Batchimeg, Tuvshintugs"]
[Black "Emperado, Emmanuel"]
[Result "1-0"]
[WhiteTitle "WGM"]
[WhiteElo "2376"]
[BlackElo "2297"]
[WhiteFideId "4900839"]
[BlackFideId "5209960"]
[EventDate "2013.10.10"]

1. d4 Nf6 2. c4 e6 3. Nc3 Bb4 4. e3 O-O 5. Bd3 c5 6. Ne2 cxd4 7. exd4 d5 8. a3
dxc4 9. Bxc4 Be7 10. O-O Nbd7 11. Qd3 Nb6 12. Bb3 Bd7 13. Bc2 Bc6 14. Bg5 g6 15.
Rfe1 Re8 16. b4 a6 17. Bb3 Nbd5 18. Rac1 Qd7 19. Nxd5 Bxd5 20. Bf4 Bxb3 21. Qxb3
Nd5 22. Be5 Bg5 23. Rc5 b6 24. Rc4 Rac8 25. Ng3 Be7 26. Nf1 b5 27. Rcc1 Rxc1 28.
Rxc1 Rc8 29. Rc2 Nb6 30. Ne3 Rxc2 31. Qxc2 f6 32. Bc7 Na4 33. h4 Kf7 34. h5 Qxd4
35. hxg6+ hxg6 36. Qc6 Qa1+ 37. Kh2 Qxa3 38. Bd6 Qd3 39. Bxe7 Kxe7 40. g3 Qd6
41. Qb7+ Kd8 42. Ng4 Qd4 43. Qb8+ Kd7 44. Qb7+ Ke8 45. Qc8+ Ke7 46. Qb7+ Qd7 47.
Qf3 Qd4 48. Qb7+ Qd7 49. Qf3 f5 50. Ne5 Qd5 51. Nxg6+ Kf6 52. Qh5 Qd2 53. Kg2
Qg5 54. Qxg5+ Kxg5 55. Nf8 Kf6 56. Nd7+ Ke7 57. Nb8 Nc3 58. Nxa6 Nd5 59. f3 Kf6
60. Kf2 e5 61. Ke2 e4 62. fxe4 fxe4 63. g4 Ke5 64. g5 Kd4 65. Nc5 Nf4+ 66. Ke1
e3 67. Kf1 Kc3 68. g6 Kd2 69. Ne4+ Kd3 70. g7 e2+ 71. Kf2 Nh3+ 72. Ke1 Ng1 73.
Nf2+ Ke3 74. Ng4+ Kd3 75. Ne5+ 1-0

[Event "Indonesia Open 2013"]
[Site "Jakarta INA"]
[Date "2013.10.14"]
[Round "7.34"]
[White "Sukandar, Irine Kharisma"]
[Black "Teh, Eu Wen Aron"]
[Result "1/2-1/2"]
[WhiteTitle "WGM"]
[WhiteElo "2363"]
[BlackElo "2254"]
[WhiteFideId "7101937"]
[BlackFideId "5704723"]
[EventDate "2013.10.10"]

1. e4 e5 2. Nf3 Nc6 3. Bb5 Nf6 4. d3 Bc5 5. c3 O-O 6. Nbd2 d6 7. h3 Bb6 8. Nf1
Ne7 9. Ng3 c6 10. Ba4 Ng6 11. O-O d5 12. Bb3 h6 13. Qc2 Re8 14. Re1 Be6 15. Bd2
Qc7 16. Rad1 Rad8 17. exd5 cxd5 18. d4 e4 19. Nh2 Kh7 20. Be3 Rf8 21. Rf1 Nd7
22. f4 f5 23. Nh5 Nf6 24. Nxf6+ Rxf6 25. Rf2 Kh8 26. Qe2 Qf7 27. Rdf1 Bc7 28.
Bd1 Rf8 29. Qb5 Bd6 30. Bh5 Qd7 31. Qxd7 Bxd7 32. Rc1 Ne7 33. Bd1 Be6 34. Nf1
Rc8 35. Bb3 Rff8 36. Bd2 g5 37. g3 Rg8 38. Kh2 Rg7 39. Ne3 b5 40. Ra1 gxf4 41.
gxf4 Rcg8 42. a4 Rg3 43. axb5 Rf3 44. Rxf3 exf3 45. Nf1 Rg2+ 46. Kh1 Ng6 47. Ra6
Nh4 48. Bd1 f2 49. Be2 Rg1+ 50. Kh2 Rg2+ 51. Kh1 Bd7 52. Rxd6 Rg1+ 53. Kh2 Rg2+
54. Kh1 Rg1+ 55. Kh2 Rg2+ 56. Kh1 1/2-1/2

[Event "Indonesia Open 2013"]
[Site "Jakarta INA"]
[Date "2013.10.14"]
[Round "7.36"]
[White "Surya, Wahyudi"]
[Black "Torre, Eugenio"]
[Result "1/2-1/2"]
[BlackTitle "GM"]
[WhiteElo "2279"]
[BlackElo "2462"]
[WhiteFideId "7102542"]
[BlackFideId "5200016"]
[EventDate "2013.10.10"]

1. d4 Nf6 2. Nf3 e6 3. c4 Bb4+ 4. Bd2 Qe7 5. g3 Nc6 6. Bg2 Bxd2+ 7. Nbxd2 d6 8.
e4 O-O 9. O-O e5 10. d5 Nb8 11. b4 a5 12. a3 Bg4 13. Qc2 Na6 14. Qc3 axb4 15.
axb4 c5 16. dxc6 bxc6 17. Ra5 Bxf3 18. Bxf3 c5 19. b5 Nb4 20. Rfa1 Qb7 21. Bg2
Nd7 22. Nf1 Rxa5 23. Rxa5 Ra8 24. Rxa8+ Qxa8 25. Qd2 Qb8 26. Ne3 g6 27. Ng4 h5
28. Ne3 Kf8 29. Bf1 Ke7 30. Ng2 Qa8 31. f3 Qa1 32. Ne3 Nf8 33. Kg2 Ne6 34. Be2
Nd4 35. Bd1 Ne6 36. Be2 Kd7 37. Nd1 Nd4 38. Ne3 Nb3 39. Qd1 Qb2 40. Kg1 Nd4 41.
Bf1 Qd2 42. Bh3+ Kc7 43. Qxd2 Nxf3+ 44. Kf2 Nxd2 45. Bg2 Nb1 46. h4 Nc3 47. Ke1
Na4 48. Kd2 Nb6 49. Bf3 Nd7 50. g4 hxg4 51. Nxg4 Kd8 52. Nh6 Ke7 53. h5 Nf6 54.
hxg6 fxg6 55. Kc3 Nd7 56. Ng4 Kd8 57. Nh6 Nf8 58. Bg4 Nh7 59. Kb3 Nf6 60. Bf3
Kc7 1/2-1/2

[Event "Indonesia Open 2013"]
[Site "Jakarta INA"]
[Date "2013.10.14"]
[Round "7.38"]
[White "Sihite, Chelsie Monica"]
[Black "Karavade, Eesha"]
[Result "1-0"]
[WhiteTitle "WIM"]
[BlackTitle "IM"]
[WhiteElo "2267"]
[BlackElo "2400"]
[WhiteFideId "7101198"]
[BlackFideId "5012600"]
[EventDate "2013.10.10"]

1. e4 c5 2. Nf3 d6 3. d4 cxd4 4. Nxd4 Nf6 5. Nc3 a6 6. Be3 e5 7. Nb3 Be6 8. h3
Be7 9. f4 exf4 10. Bxf4 Nc6 11. Qe2 O-O 12. O-O-O Qc7 13. g4 Ne5 14. Nd5 Bxd5
15. exd5 Nfd7 16. g5 Rfe8 17. h4 Bf8 18. h5 Nc5 19. Nxc5 Qxc5 20. Be3 Qa5 21.
Kb1 b5 22. g6 Qb4 23. Rd4 Nc4 24. gxf7+ Kxf7 25. Qf3+ Kg8 26. Bxc4 bxc4 27. Bd2
Qc5 28. Bc3 h6 29. Rf1 Ra7 30. Rf4 Qc8 31. a3 Rb7 32. Ka2 Ra7 33. Rg1 Ree7 34.
Rf1 Re8 35. Qf2 Rc7 36. Qd4 Qd7 37. Rf5 Qc8 38. Qf4 Rb7 39. Qg3 Rd7 40. Qg6 Rde7
41. Rf7 Qd7 42. R7f6 Re2 43. Rg1 R2e7 44. Rxd6 Qb7 45. Rc6 Rf7 46. Qg4 Re3 47.
Qxc4 1-0

[Event "Indonesia Open 2013"]
[Site "Jakarta INA"]
[Date "2013.10.14"]
[Round "7.39"]
[White "Gunawan, Ronny"]
[Black "Sinurat, Tumpak"]
[Result "0-1"]
[WhiteTitle "IM"]
[WhiteElo "2395"]
[BlackElo "2249"]
[WhiteFideId "7100035"]
[BlackFideId "7104138"]
[EventDate "2013.10.10"]

1. b4 e6 2. Bb2 Nf6 3. a3 b6 4. Nf3 Bb7 5. e3 Be7 6. Be2 O-O 7. O-O d6 8. c4 a6
9. Nc3 a5 10. d4 Nbd7 11. Qc2 Re8 12. Rfd1 Nf8 13. Rac1 N6d7 14. h3 Qc8 15. Ne1
Ng6 16. d5 Bf6 17. Nf3 Qd8 18. Nd4 Bxd4 19. Rxd4 e5 20. Rdd1 Rf8 21. Bd3 Kh8 22.
Rf1 Qe7 23. Rce1 Rae8 24. g3 Nf6 25. e4 Bc8 26. Kg2 h6 27. Bc1 Nh7 28. Rh1 axb4
29. axb4 Bd7 30. Be3 Ra8 31. c5 bxc5 32. bxc5 Rfb8 33. Rb1 dxc5 34. Rxb8+ Rxb8
35. h4 c6 36. dxc6 Bxc6 37. Nd5 Bxd5 38. exd5 Rc8 39. Rc1 Qd6 40. Bxc5 Qxd5+ 41.
Be4 Qd8 42. Qb3 Nf6 43. Bf5 Rc7 44. Kh2 Qa8 45. Rc2 Qb7 46. Qa3 e4 47. Rd2 Nd7
48. Bd6 Qa7 49. Qb4 e3 50. fxe3 Rb7 51. Qc3 Nf6 52. Qc8+ Kh7 53. Bc5 Qb8 54. Rd8
Qxc8 55. Rxc8 h5 56. e4 Rb2+ 57. Kh3 Re2 58. Rc7 Nxe4 59. Bb4 Nf2+ 60. Kg2 Nd3+
61. Kg1 Nxb4 62. g4 Kg8 63. gxh5 Nf8 64. Bg4 Re4 65. Bf3 Rxh4 66. Kg2 Rd4 67.
Kg3 Ne6 68. Rc8+ Kh7 69. Rb8 Ng5 70. Bg4 Ne4+ 71. Kg2 0-1

[Event "Indonesia Open 2013"]
[Site "Jakarta INA"]
[Date "2013.10.14"]
[Round "7.40"]
[White "Sonjaya, Deni"]
[Black "Wahono, Awam"]
[Result "1/2-1/2"]
[WhiteTitle "FM"]
[BlackTitle "IM"]
[WhiteElo "2265"]
[BlackElo "2376"]
[WhiteFideId "7101465"]
[BlackFideId "7100760"]
[EventDate "2013.10.10"]

1. e4 c5 2. b3 d6 3. Bb2 Nc6 4. g3 e5 5. Bg2 Nf6 6. Ne2 g6 7. O-O Bg7 8. Na3 O-O
9. h3 Nd4 10. c3 Nxe2+ 11. Qxe2 Re8 12. Rfe1 a5 13. c4 Bd7 14. Nc2 Qb6 15. Bc3
h5 16. Rab1 h4 17. g4 Nh7 18. a3 Qd8 19. b4 b6 20. bxa5 bxa5 21. Ne3 Ng5 22. Nd5
Ne6 23. Rb2 Nd4 24. Qd3 Bc6 25. Reb1 a4 26. Bxd4 exd4 27. Rb6 Rc8 28. Qf3 Bxd5
29. exd5 Be5 30. d3 Rf8 31. Qd1 Ra8 32. Rb7 Qf6 33. Rd7 Rfb8 34. Rbb7 Rxb7 35.
Rxb7 Qf4 36. Kf1 Bf6 37. Be4 Be5 38. Bg2 Kg7 39. Be4 Kh6 40. Ke2 Kg7 41. Kf1 Kf6
42. Qf3 Qxf3 43. Bxf3 Bf4 44. Rb1 Ke7 45. Bd1 Kf6 46. Kg2 Kg5 47. Bc2 Bd2 48.
Kf3 Kf6 49. Rd1 Bc3 50. Rb1 Ra7 51. Rb6 Ke5 52. Rb8 Bd2 53. Rb1 f5 54. gxf5 Kxf5
55. Rd1 Bf4 56. Rb1 g5 57. Bd1 Bd2 58. Kg2 Kf6 59. Bg4 Ke7 60. Kf3 Kd8 61. Be6
Kc7 62. Bf7 Ra8 63. Ke2 Bc3 64. Bh5 Ra6 65. Be8 Kd8 66. Bc6 Ra7 67. Rb8+ Kc7 68.
Rg8 Bb2 69. Rxg5 Kb6 70. Rg1 Ka5 71. f4 Bxa3 72. f5 Bb2 73. Kd1 a3 74. Kc2 Kb4
75. f6 Rf7 76. Rf1 Bc3 77. Rb1+ Ka5 78. Kb3 Rxf6 79. Kxa3 Rf3 80. Rb5+ Ka6 81.
Bd7 Rxd3 82. Ka4 Rd1 83. Bc8+ Ka7 84. Rb7+ Ka8 85. Rd7 Rb1 86. Rxd6 d3 87. Bf5
d2 88. Rd8+ Kb7 89. Rd7+ Kb8 90. Rd8+ Kc7 91. Rd7+ Kc8 1/2-1/2

[Event "Indonesia Open 2013"]
[Site "Jakarta INA"]
[Date "2013.10.14"]
[Round "7.41"]
[White "Davletbayeva, Madina"]
[Black "Ardiansyah, H"]
[Result "1/2-1/2"]
[WhiteTitle "WIM"]
[BlackTitle "GM"]
[WhiteElo "2259"]
[BlackElo "2368"]
[WhiteFideId "13703595"]
[BlackFideId "7100027"]
[EventDate "2013.10.10"]

1. e4 c5 2. Nf3 Nc6 3. d4 cxd4 4. Nxd4 Qc7 5. Nc3 e6 6. g3 Nf6 7. Bg2 a6 8. O-O
Be7 9. Re1 Nxd4 10. Qxd4 Bc5 11. Bf4 d6 12. Qd2 Ng4 13. Re2 Bd7 14. Rd1 e5 15.
Nd5 Qd8 16. Bg5 f6 17. Be3 Nxe3 18. Nxe3 a5 19. Qd5 Bc6 20. Qe6+ Kf8 21. Red2
Qc7 22. Nf5 Re8 23. Qb3 Rd8 24. Qe6 Re8 25. Qc4 b5 26. Qb3 Rd8 27. Qf3 Kf7 28.
a4 g6 29. axb5 gxf5 30. bxc6 Qxc6 31. Qh5+ Ke7 32. exf5 Qe8 33. Qh4 Rb8 34. Qc4
Qc8 35. Qg4 Qf8 36. Qa4 Rxb2 37. Qxa5 Qb8 38. Qc3 h5 39. h4 Rg8 40. Bd5 Rg4 41.
Bb3 Qb4 42. Qxb2 Rxg3+ 43. Kf1 Qg4 44. fxg3 Qf3+ 45. Ke1 Qxg3+ 46. Ke2 Qe3+ 47.
Kf1 Qg1+ 48. Ke2 Qe3+ 49. Kf1 Qg1+ 50. Ke2 Qe3+ 51. Kf1 1/2-1/2

[Event "Indonesia Open 2013"]
[Site "Jakarta INA"]
[Date "2013.10.14"]
[Round "7.42"]
[White "Muhammad, Luthfi Ali"]
[Black "Marentek, Hanny"]
[Result "1-0"]
[WhiteTitle "CM"]
[BlackTitle "FM"]
[WhiteElo "2338"]
[BlackElo "2208"]
[WhiteFideId "7103743"]
[BlackFideId "7100825"]
[EventDate "2013.10.10"]

1. e4 c6 2. d4 d5 3. Nc3 dxe4 4. Nxe4 e5 5. Nf3 exd4 6. Bc4 Bf5 7. Ng3 Bg6 8.
O-O Bc5 9. h4 h5 10. Re1+ Ne7 11. Ne5 Kf8 12. Qf3 f6 13. Nxg6+ Nxg6 14. Qf5 1-0